MMF a postrehy
Októbrová misia MMF na Slovensku - zhodnotenie hospodárskej situácie, transformačného procesu, úskalí pri tvorbe štátneho rozpočtu. Rôzne interpretácie správy MMF. Článok prináša výňatky zo správy MMF, aby prispeli k transparentnosti prostredia. Makroekonomický výhľad. Fiškálna politika r. 2000 a 20...
Salvato in:
| Autore principale: | |
|---|---|
| Natura: | Capitolo di libro |
| Lingua: | slovacco |
| Soggetti: | |
| Tags: |
Nessun Tag, puoi essere il primo ad aggiungerne!!
|
MARC
| LEADER | 00000naa a2200000 4500 | ||
|---|---|---|---|
| 001 | r040661 | ||
| 005 | 20230606074928.1 | ||
| 041 | 0 | |a slo | |
| 044 | |a SK | ||
| 245 | 1 | 0 | |a MMF a postrehy |c Marta Tomašovičová |
| 520 | |a Októbrová misia MMF na Slovensku - zhodnotenie hospodárskej situácie, transformačného procesu, úskalí pri tvorbe štátneho rozpočtu. Rôzne interpretácie správy MMF. Článok prináša výňatky zo správy MMF, aby prispeli k transparentnosti prostredia. Makroekonomický výhľad. Fiškálna politika r. 2000 a 2001. Rozpočet na r. 2001. Dotácie, garancie, finančné plány a cenová politika štátnych podnikov. | ||
| 610 | 2 | 0 | |a Medzinárodný menový fond |
| 610 | 2 | 0 | |a vývoj hospodársky |
| 610 | 2 | 0 | |a transformácia |
| 610 | 2 | 0 | |a makroekonomika |
| 610 | 2 | 0 | |a politika fiškálna |
| 610 | 2 | 0 | |a rozpočet štátny |
| 610 | 2 | 0 | |a dotácie |
| 610 | 2 | 0 | |a financie |
| 610 | 2 | 0 | |a politika cenová |
| 610 | 2 | 0 | |a podnik štátny |
| 610 | 2 | 0 | |a Slovensko |
| 610 | 2 | 0 | |a 2000 |
| 610 | 2 | 0 | |a 2001 |
| 100 | 1 | |a Tomašovičová, Marta | |